000 00691nam a2200217Ii 4500
003 JO-AjNU
008 230605s9999||||xx |||||||||||||| ||und||
017 _a2004/11309
020 _a977-322-139-3
040 _aJO-AjNU
_bara
_erda
_cJO-AjNU
041 _aara
050 1 4 _aDS135.A66.A8398 2003
100 3 _aتاليف عطا، زبيدة محمد,
_eauthor
_916243
245 0 0 _aيهود العالم العربي: دعاوى الإضطهاد
264 3 1 _aالقاهرة: د.ن، 2003
300 _a181ص
336 _atext
_btxt
_2rdacontent
337 _aunmediated
_bn
_2rdamedia
338 _avolume
_bnc
_2rdacarrier
650 4 _aاليهود- العالم العربي
_916244
999 _aA4770
_c8338
_d8338